| 000 | 00912nam a22002657a 4500 | ||
|---|---|---|---|
| 001 | 8178 | ||
| 003 | FISKH | ||
| 005 | 20250901123610.0 | ||
| 008 | 250901b cb ||||| |||| 00| 0 eng d | ||
| 040 |
_aFISKH _beng _cFISKH _dFISKH |
||
| 050 | _aPZ7.J43 UN | ||
| 082 | _a 823.914 | ||
| 100 | _aJennings, Paul | ||
| 245 |
_aUnbelievable ! _cPaul Jennings |
||
| 250 | _aThis edition published in 1992 | ||
| 260 |
_aLondon : _bPuffin Books, _c1986 |
||
| 300 |
_a134 page : _c20 cm |
||
| 505 | _aP | ||
| 520 | _aStare if you dare, into Paul Jennings' wild world. What happens when you grow younger? Where do ghosts sit their exams? How would you cope if a million birds did it on you? Where did the eyes in the bottle come from? Nine stories that you would never dream of. | ||
| 521 | 8 |
_a620
_bLexile |
|
| 521 | 8 |
_aP
_bRaz-Plus |
|
| 650 | _aScary movies | ||
| 942 |
_2ddc _cBK _n0 |
||
| 999 |
_c8178 _d8178 |
||